Top 5 New Orleans Pelicans Players Per Position - Statistics

General Stats
  • This quiz has been taken 214 times
    74 since last reset
  • The average score is 11 of 25
Answer Stats
Position # Player WS % Correct
PF 1 Anthony Davis 72.0
100%
PG 4 Baron Davis 13.6
100%
PG 1 Chris Paul 76.4
97%
SF 2 Brandon Ingram 22.7
89%
PF 3 Zion Williamson 30.3
88%
PG 2 Jrue Holiday 28.5
78%
PG 3 CJ McCollum 14.3
74%
C 2 Jonas Valančiūnas 20.2
69%
SF 3 Herbert Jones 16.4
65%
PF 2 David West 47.0
54%
SF 1 Trey Murphy III 24.4
51%
SG 4 Eric Gordon 9.4
34%
SF 4 Peja Stojaković 15.8
31%
C 1 Tyson Chandler 21.3
31%
C 3 Emeka Okafor 14.7
23%
PF 5 Ryan Anderson 16.2
18%
SG 1 David Wesley 10.6
17%
PG 5 Jose Alvarado 8.2
17%
SG 5 Josh Hart 9.3
17%
PF 4 P.J. Brown 29.6
17%
C 4 Jamaal Magloire 14.6
15%
SG 3 E'Twaun Moore 9.6
14%
SG 2 Tyreke Evans 9.6
9%
C 5 Jaxson Hayes 14.0
8%
SF 5 Rasual Butler 10.1
8%
No matching quizzes found
Score Distribution
Percent of People with Each Score
Percentile by Number Answered
Your Score History
You have not taken this quiz since the last reset